Protection of plant varieties and farmers' rights: intellectual property rights in the context of Indian agriculture (Record no. 492692)

000 -LEADER
fixed length control field 00619cam a22001577a 4500
008 - FIXED-LENGTH DATA ELEMENTS--GENERAL INFORMATION
fixed length control field 180718b2003 xxu||||| |||| 00| 0 eng d
082 ## - DEWEY DECIMAL CLASSIFICATION NUMBER
Classification number APPPA 2002-03 CHA/6
100 ## - MAIN ENTRY--PERSONAL NAME
Personal name Chakrabarty, Dolly
245 ## - TITLE STATEMENT
Title Protection of plant varieties and farmers' rights: intellectual property rights in the context of Indian agriculture
Statement of responsibility, etc. by Dolly Chakrabarty
260 ## - PUBLICATION, DISTRIBUTION, ETC.
Place of publication, distribution, etc. New Delhi
Name of publisher, distributor, etc. Indian Institute of Public Administration
Date of publication, distribution, etc. 2003
300 ## - PHYSICAL DESCRIPTION
Extent 139p.
500 ## - GENERAL NOTE
General note An APPPA M.Phil dissertation, 2002-03 (Guide: T.K. Saha)
650 ## - SUBJECT ADDED ENTRY--TOPICAL TERM
Topical term or geographic name entry element APPPA
650 ## - SUBJECT ADDED ENTRY--TOPICAL TERM
Topical term or geographic name entry element Agriculture and state - India
650 ## - SUBJECT ADDED ENTRY--TOPICAL TERM
Topical term or geographic name entry element Intellectual proper by rights
Holdings
Withdrawn status Lost status Damaged status Not for loan Permanent Location Current Location Date acquired Full call number Barcode Date last seen Price effective from Koha item type
        Indian Institute of Public Administration Indian Institute of Public Administration 2018-08-04 APPPA 2002-03 CHA/6 GR16632 2018-08-04 2018-08-04 GR

Powered by Koha